000 00482cam a2200193 4500
001 D3796
008 090401t1977 xxu||||| |||| 00| 0 eng d
035 _a(Sirsi) u75017
041 _aeng
050 _a692.9
100 _aFisk, Charles J
245 _aContractor/sub-contractor relationships
260 _aAscot
_bInstitute of Building
_c1977
300 _a4p. 30cm
350 _a0
490 _aSite Management Information Service
_v71
942 _n0
948 _c04/03/1997
999 _c95949
_d95949